Statistics for Pokémon Trivia #5

Click here to take the quiz!

General Stats

  • This quiz has been taken 14 times
  • The average score is 11 of 15

Answer Stats

QuestionAnswer% Correct
Which of these Pokémon CANNOT Mega Evolve?Dragonite
100%
What determines whether a Tyrogue evolves into a Hitmonchan, Hitmonlee, or Htimontop?Its Attack and Defense stats
100%
What do the moves Thrash, Petal Dance, and Outrage all have in common?They confuse the user after 2-3 turns
100%
Which of these Type combinations do not have an existing Pokémon?Fire/Fairy
89%
What has Steel type not been paired with as of Generation 8?Poison
89%
What does the ability Regenerator do?Restore 1/3 of the Pokémon's HP when it switches out
89%
Which of these cities is NOT considered to be the biggest (most populous) of its' region?Sootopolis City
89%
Which of these Held Items do NOT increase the user's power with a move type or Special Attack stat.Brightpowder
78%
Which of these is NOT an effect of using the move Rain Dance to cause rainfall on the field?Electric moves are 50% stronger
78%
Which of these Major Status conditions can leave a Pokémon completely unable to act for the longest period of time?Freeze
78%
Which Water move has the highest base power of its' type in all of Pokémon?Hydro Cannon
67%
What Pokémon type has the most Gyms dedicated to it?Water
67%
Which of these regions is NOT a region that a Pokémon Ranger game takes place in?It's a trick. They are all Pokémon Ranger regions
56%
Which of these type combinations has the most weaknesses?All of them
44%
What do Pokémon Rangers use to temporarily control wild Pokémon?Capture Styler
22%

Score Distribution

Percentile by Number Answered

Percent of People with Each Score

Your Score History

You have not taken this quiz